[Event "blitmenteam"]
[Site "?"]
[Date "2016.10.07"]
[Round "8.20"]
[White "Papenin, Nikolai"]
[Black "Sergeyev, Alexander"]
[Result "1-0"]
[LiveChessVersion "1.4.4"]
[BlackElo "2406"]
[WhiteElo "2334"]

1. d4 {[%clk 0:03:03]} d5 {[%clk 0:03:02]} 2. c4 {[%clk 0:03:04]} c6
{[%clk 0:03:03]} 3. Nc3 {[%clk 0:03:06]} Nf6 {[%clk 0:03:04]} 4. Nf3
{[%clk 0:03:07]} dxc4 {[%clk 0:03:05]} 5. a4 {[%clk 0:03:06]} Bg4
{[%clk 0:03:06]} 6. Ne5 {[%clk 0:03:05]} Bh5 {[%clk 0:03:07]} 7. f3
{[%clk 0:02:53]} Nfd7 {[%clk 0:03:08]} 8. Nxc4 {[%clk 0:02:51]} e5
{[%clk 0:03:08]} 9. g3 {[%clk 0:02:48]} f6 {[%clk 0:03:00]} 10. dxe5
{[%clk 0:02:44]} Nxe5 {[%clk 0:02:55]} 11. Qxd8+ {[%clk 0:02:40]} Kxd8
{[%clk 0:02:56]} 12. Nxe5 {[%clk 0:02:40]} fxe5 {[%clk 0:02:57]} 13. Bg5+
{[%clk 0:02:33]} Be7 {[%clk 0:02:36]} 14. O-O-O+ {[%clk 0:02:31]} Ke8
{[%clk 0:02:36]} 15. Be3 {[%clk 0:02:08]} Na6 {[%clk 0:02:22]} 16. Bh3
{[%clk 0:02:05]} Bc5 {[%clk 0:01:47]} 17. Bd2 {[%clk 0:01:41]} Rd8
{[%clk 0:01:41]} 18. Ne4 {[%clk 0:01:41]} Bg6 {[%clk 0:01:31]} 19. Bg5
{[%clk 0:01:26]} Rd4 {[%clk 0:01:04]} 20. e3 {[%clk 0:01:25]} Rc4+
{[%clk 0:00:45]} 21. Nc3 {[%clk 0:01:13]} h6 {[%clk 0:00:35]} 22. Rd8+
{[%clk 0:00:49]} Kf7 {[%clk 0:00:37]} 23. Rd7+ {[%clk 0:00:48]} Ke8
{[%clk 0:00:26]} 24. Rd8+ {[%clk 0:00:47]} Kf7 {[%clk 0:00:27]} 25. Rxh8
{[%clk 0:00:37]} hxg5 {[%clk 0:00:28]} 26. Kd2 {[%clk 0:00:38]} Rb4
{[%clk 0:00:24]} 27. Nd1 {[%clk 0:00:32]} Rb3 {[%clk 0:00:21]} 28. Rd8
{[%clk 0:00:28]} Bb4+ {[%clk 0:00:22]} 29. Ke2 {[%clk 0:00:27]} Nc5
{[%clk 0:00:21]} 30. e4 {[%clk 0:00:14]} Nxa4 {[%clk 0:00:09]} 31. Rd3
{[%clk 0:00:11]} Rxd3 {[%clk 0:00:06]} 32. Kxd3 {[%clk 0:00:13]} b5
{[%clk 0:00:07]} 33. b3 {[%clk 0:00:10]} Nc5+ {[%clk 0:00:07]} 34. Kc2
{[%clk 0:00:12]} Nxe4 {[%clk 0:00:07]} 35. Kb2 {[%clk 0:08:01]} Nd2
{[%clk 0:00:04]} 36. Bg2 {[%clk 0:00:10]} a5 {[%clk 0:03:02]} 37. f4 1-0

[Event "blitmenteam"]
[Site "?"]
[Date "2016.10.07"]
[Round "9.2"]
[White "Morozevich, Alexander"]
[Black "Iljin, Timofey"]
[Result "0-1"]
[LiveChessVersion "1.4.4"]
[BlackElo "2398"]
[WhiteElo "2669"]

1. e4 {[%clk 0:03:02]} c5 {[%clk 0:03:03]} 2. Nf3 {[%clk 0:03:03]} Nc6
{[%clk 0:03:04]} 3. d4 {[%clk 0:03:03]} cxd4 {[%clk 0:03:05]} 4. Nxd4
{[%clk 0:03:05]} Nf6 {[%clk 0:03:06]} 5. Nc3 {[%clk 0:03:05]} e5 {[%clk 0:03:07]}
6. Ndb5 {[%clk 0:03:06]} d6 {[%clk 0:03:08]} 7. Bg5 {[%clk 0:03:07]} a6
{[%clk 0:03:09]} 8. Na3 {[%clk 0:03:08]} b5 {[%clk 0:03:10]} 9. Nd5
{[%clk 0:03:09]} Be7 {[%clk 0:03:11]} 10. Bxf6 {[%clk 0:03:10]} Bxf6
{[%clk 0:03:12]} 11. c4 {[%clk 0:03:11]} b4 {[%clk 0:03:13]} 12. Nc2
{[%clk 0:03:12]} O-O {[%clk 0:03:13]} 13. g3 {[%clk 0:03:13]} a5 {[%clk 0:03:07]}
14. h4 {[%clk 0:03:12]} Be6 {[%clk 0:02:59]} 15. Qd2 {[%clk 0:03:13]} Rc8
{[%clk 0:02:53]} 16. Nce3 {[%clk 0:03:04]} Nd4 {[%clk 0:02:42]} 17. O-O-O
{[%clk 0:03:04]} a4 {[%clk 0:01:48]} 18. Kb1 {[%clk 0:03:05]} b3 {[%clk 0:01:45]}
19. a3 {[%clk 0:03:06]} Nc2 {[%clk 0:01:37]} 20. Nf5 {[%clk 0:02:38]} Bxf5
{[%clk 0:01:29]} 21. exf5 {[%clk 0:02:39]} e4 {[%clk 0:01:29]} 22. g4
{[%clk 0:01:29]} Re8 {[%clk 0:01:01]} 23. g5 {[%clk 0:01:27]} Bd4
{[%clk 0:01:01]} 24. f6 {[%clk 0:01:06]} Re5 {[%clk 0:00:42]} 25. Qf4
{[%clk 0:00:34]} Rxd5 {[%clk 0:00:30]} 26. cxd5 {[%clk 0:00:35]} Qc7
{[%clk 0:00:31]} 27. Qd2 {[%clk 0:00:10]} Nxa3+ {[%clk 0:00:27]} 28. bxa3
{[%clk 0:00:12]} Qc2+ {[%clk 0:00:28]} 29. Qxc2 {[%clk 0:00:13]} bxc2+ 30. Kc1
Bb2+ {[%clk 0:00:12]} 31. Kd2 {[%clk 0:00:16]} cxd1=Q+ {[%clk 0:00:07]} 32. Kxd1
{[%clk 0:00:17]} Rc1+ {[%clk 0:00:05]} 33. Kd2 {[%clk 0:00:17]} Bxa3
{[%clk 0:00:07]} 34. Bg2 {[%clk 0:00:12]} Rxh1 35. Bxh1 {[%clk 0:00:13]} Bc5
{[%clk 0:00:06]} 36. Bxe4 {[%clk 0:00:05]} Bxf2 {[%clk 0:00:07]} 37. h5
{[%clk 0:00:05]} Bh4 {[%clk 0:00:08]} 38. g6 {[%clk 0:00:04]} fxg6
{[%clk 0:00:05]} 39. hxg6 {[%clk 0:00:05]} hxg6 {[%clk 0:00:04]} 40. Bxg6
{[%clk 0:00:05]} Bxf6 {[%clk 0:00:05]} 41. Kc2 {[%clk 0:00:06]} a3
{[%clk 0:00:05]} 42. Kb3 {[%clk 0:00:07]} Bb2 {[%clk 0:00:07]} 0-1

[Event "blitmenteam"]
[Site "?"]
[Date "2016.10.07"]
[Round "9.3"]
[White "Derjabin, Ilja"]
[Black "Popov, Ivan"]
[Result "1-0"]
[LiveChessVersion "1.4.4"]
[BlackElo "2606"]
[WhiteElo "2400"]

1. d4 {[%clk 0:03:03]} Nf6 {[%clk 0:03:03]} 2. c4 b6 3. Nf3 {[%clk 0:03:03]} Bb7
{[%clk 0:03:06]} 4. g3 {[%clk 0:03:02]} g6 {[%clk 0:03:07]} 5. Bg2
{[%clk 0:03:04]} Bg7 {[%clk 0:03:09]} 6. O-O {[%clk 0:03:04]} O-O 7. Nc3 Ne4
{[%clk 0:03:11]} 8. Nxe4 {[%clk 0:03:04]} Bxe4 {[%clk 0:03:11]} 9. Ne1
{[%clk 0:03:02]} Bxg2 {[%clk 0:03:10]} 10. Kxg2 {[%clk 0:03:02]} d5
{[%clk 0:03:05]} 11. Nf3 {[%clk 0:02:42]} dxc4 {[%clk 0:02:37]} 12. Qc2
{[%clk 0:02:43]} b5 {[%clk 0:02:23]} 13. a4 {[%clk 0:02:30]} c6 {[%clk 0:02:24]}
14. Bg5 {[%clk 0:02:11]} h6 {[%clk 0:02:15]} 15. Bf4 {[%clk 0:02:12]} Nd7
{[%clk 0:02:15]} 16. e4 {[%clk 0:02:03]} Nb6 {[%clk 0:02:11]} 17. axb5
{[%clk 0:02:04]} cxb5 {[%clk 0:02:12]} 18. Rfd1 {[%clk 0:02:04]} a5
{[%clk 0:02:07]} 19. d5 {[%clk 0:02:03]} Re8 {[%clk 0:01:24]} 20. Qd2
{[%clk 0:02:01]} Na4 {[%clk 0:01:13]} 21. Bxh6 {[%clk 0:01:59]} Bxb2
{[%clk 0:01:13]} 22. Nd4 {[%clk 0:01:48]} Bxa1 {[%clk 0:01:05]} 23. Rxa1
{[%clk 0:01:49]} e5 {[%clk 0:00:50]} 24. Nc6 {[%clk 0:01:30]} Qd6
{[%clk 0:00:48]} 25. f4 {[%clk 0:01:15]} exf4 {[%clk 0:00:28]} 26. Bxf4
{[%clk 0:01:11]} Qc5 {[%clk 0:00:27]} 27. Be3 {[%clk 0:00:53]} Qf8
{[%clk 0:00:24]} 28. Bh6 {[%clk 0:00:45]} Qc5 {[%clk 0:00:24]} 29. Qf4
{[%clk 0:00:43]} f5 {[%clk 0:00:21]} 30. Qc7 {[%clk 0:00:35]} Re7
{[%clk 0:00:14]} 31. Nxe7+ {[%clk 0:00:31]} Kh7 {[%clk 0:00:15]} 32. Qe5
{[%clk 0:00:18]} Kxh6 {[%clk 0:00:10]} 33. exf5 {[%clk 0:00:17]} Ra6
{[%clk 0:00:07]} 34. f6 {[%clk 0:00:15]} c3 {[%clk 0:00:05]} 35. Qf4+
{[%clk 0:00:06]} g5 36. Qf5 Qxe7 1-0

[Event "blitmenteam"]
[Site "?"]
[Date "2016.10.07"]
[Round "9.4"]
[White "Motylev, Alexander"]
[Black "Papenin, Nikolai"]
[Result "1-0"]
[LiveChessVersion "1.4.4"]
[BlackElo "2334"]
[WhiteElo "2613"]

1. e4 {[%clk 0:03:03]} e5 2. Nf3 Nc6 {[%clk 0:03:04]} 3. Bb5 {[%clk 0:03:05]} a6
{[%clk 0:03:05]} 4. Ba4 {[%clk 0:03:06]} Nf6 {[%clk 0:03:06]} 5. O-O
{[%clk 0:03:07]} b5 {[%clk 0:03:07]} 6. Bb3 {[%clk 0:03:09]} Bc5 {[%clk 0:03:08]}
7. a4 {[%clk 0:03:10]} Rb8 {[%clk 0:03:09]} 8. d3 {[%clk 0:03:06]} d6
{[%clk 0:03:08]} 9. h3 {[%clk 0:03:06]} h6 {[%clk 0:02:56]} 10. Re1
{[%clk 0:03:03]} O-O {[%clk 0:02:56]} 11. c3 {[%clk 0:03:01]} Re8
{[%clk 0:02:51]} 12. Nbd2 {[%clk 0:03:01]} d5 {[%clk 0:02:37]} 13. exd5
{[%clk 0:02:51]} Nxd5 {[%clk 0:02:37]} 14. axb5 {[%clk 0:02:51]} axb5
{[%clk 0:02:37]} 15. d4 {[%clk 0:02:49]} Bb6 {[%clk 0:02:26]} 16. Nf1
{[%clk 0:02:35]} e4 {[%clk 0:02:12]} 17. N3d2 {[%clk 0:02:32]} Bf5
{[%clk 0:01:55]} 18. Ng3 {[%clk 0:02:28]} Bg6 {[%clk 0:01:49]} 19. Ndxe4
{[%clk 0:02:23]} b4 {[%clk 0:01:39]} 20. c4 {[%clk 0:01:56]} Nxd4
{[%clk 0:01:26]} 21. cxd5 {[%clk 0:01:56]} Nxb3 {[%clk 0:01:25]} 22. Qxb3
{[%clk 0:01:57]} f5 {[%clk 0:01:24]} 23. Bxh6 {[%clk 0:01:07]} fxe4
{[%clk 0:01:19]} 24. Be3 {[%clk 0:01:06]} Bf7 {[%clk 0:01:14]} 25. Rad1
{[%clk 0:01:06]} Re5 {[%clk 0:01:02]} 26. Bxb6 {[%clk 0:00:53]} Rxb6
{[%clk 0:01:03]} 27. Rxe4 {[%clk 0:00:49]} Rxd5 {[%clk 0:00:54]} 28. Rde1
{[%clk 0:00:48]} Re5 {[%clk 0:00:41]} 29. Qf3 {[%clk 0:00:35]} Bd5
{[%clk 0:00:35]} 30. Rxe5 {[%clk 0:00:32]} Bxf3 {[%clk 0:00:33]} 31. Re8+
{[%clk 0:00:33]} Qxe8 {[%clk 0:00:34]} 32. Rxe8+ {[%clk 0:00:34]} Kf7
{[%clk 0:00:35]} 33. Rc8 {[%clk 0:00:35]} Bd5 {[%clk 0:00:20]} 34. Rxc7+
{[%clk 0:00:36]} Kf8 {[%clk 0:00:21]} 35. Nf5 {[%clk 0:00:36]} Rc6
{[%clk 0:00:05]} 36. Rxc6 {[%clk 0:00:32]} Bxc6 {[%clk 0:00:06]} 37. f3
{[%clk 0:00:28]} Kf7 {[%clk 0:00:06]} 38. Kf2 {[%clk 0:00:29]} Ba4
{[%clk 0:00:06]} 39. Nd4 {[%clk 0:00:28]} Kf6 {[%clk 0:00:07]} 40. Ke3
{[%clk 0:00:29]} Bd7 {[%clk 0:00:07]} 41. Ke4 {[%clk 0:00:29]} g5
{[%clk 0:00:08]} 42. g4 {[%clk 0:00:23]} Bc8 {[%clk 0:00:09]} 43. Kd5
{[%clk 0:00:22]} Bb7+ {[%clk 0:00:11]} 44. Kd6 {[%clk 0:00:24]} Ba6
{[%clk 0:00:09]} 45. Kd5 {[%clk 0:00:15]} Bf1 {[%clk 0:00:10]} 46. Nc2
{[%clk 0:00:15]} Bg2 {[%clk 0:00:08]} 47. Ke4 {[%clk 0:00:15]} Bxh3
{[%clk 0:00:04]} 48. Ne3 {[%clk 0:00:16]} Ke6 {[%clk 0:00:04]} 49. Kd4
{[%clk 0:00:17]} Kd6 {[%clk 0:00:03]} 50. b3 {[%clk 0:00:18]} Ke6
{[%clk 0:00:04]} 51. Ke4 {[%clk 0:00:17]} Kd6 {[%clk 0:00:05]} 52. Kf5
{[%clk 0:00:18]} Kc5 {[%clk 0:00:06]} 53. Ke4 Kd5+ 1-0

[Event "blitmenteam"]
[Site "?"]
[Date "2016.10.07"]
[Round "9.5"]
[White "Alekseev, Evgeny"]
[Black "Savchenko, Boris"]
[Result "1-0"]
[LiveChessVersion "1.4.4"]
[BlackElo "2626"]
[WhiteElo "2662"]

1. e4 {[%clk 0:03:03]} c5 {[%clk 0:03:03]} 2. Nf3 {[%clk 0:03:04]} g6
{[%clk 0:03:05]} 3. d4 {[%clk 0:02:54]} cxd4 {[%clk 0:03:05]} 4. Nxd4
{[%clk 0:02:55]} Nc6 {[%clk 0:03:04]} 5. c4 {[%clk 0:02:55]} d6 {[%clk 0:03:03]}
6. Nc3 {[%clk 0:02:55]} Bg7 {[%clk 0:03:04]} 7. Be3 {[%clk 0:02:50]} Qb6
{[%clk 0:03:04]} 8. Nb3 {[%clk 0:02:17]} Bxc3+ 9. bxc3 {[%clk 0:02:19]} Qc7
{[%clk 0:03:04]} 10. Bd3 {[%clk 0:01:35]} Nf6 {[%clk 0:03:00]} 11. O-O
{[%clk 0:01:33]} b6 {[%clk 0:02:57]} 12. h3 {[%clk 0:01:24]} Ne5 {[%clk 0:02:51]}
13. Bh6 {[%clk 0:01:22]} Nxd3 {[%clk 0:02:49]} 14. Qxd3 {[%clk 0:01:22]} Ba6
{[%clk 0:02:47]} 15. Nd2 {[%clk 0:01:22]} Nd7 {[%clk 0:02:44]} 16. Rfe1
{[%clk 0:01:11]} Rc8 {[%clk 0:02:43]} 17. Qg3 {[%clk 0:01:11]} Bxc4
{[%clk 0:02:40]} 18. f4 {[%clk 0:01:09]} f6 {[%clk 0:02:35]} 19. Nf3
{[%clk 0:01:08]} e5 {[%clk 0:02:28]} 20. Rad1 {[%clk 0:00:59]} Bxa2
{[%clk 0:02:21]} 21. Rd2 {[%clk 0:01:00]} Bb3 {[%clk 0:02:08]} 22. Rb1
{[%clk 0:00:46]} Qxc3 {[%clk 0:01:54]} 23. Kh2 {[%clk 0:00:43]} Rc6
{[%clk 0:01:38]} 24. fxe5 {[%clk 0:00:39]} dxe5 {[%clk 0:01:35]} 25. Rxb3
{[%clk 0:00:24]} Qxb3 {[%clk 0:01:35]} 26. Rxd7 {[%clk 0:00:25]} Qa4
{[%clk 0:01:32]} 27. Rb7 {[%clk 0:00:24]} Qa6 {[%clk 0:01:19]} 28. Rg7
{[%clk 0:00:22]} Qc8 {[%clk 0:01:17]} 29. Qe1 {[%clk 0:00:13]} Rc7
{[%clk 0:01:16]} 30. Qb4 {[%clk 0:00:14]} Rxg7 {[%clk 0:01:14]} 31. Bxg7
{[%clk 0:00:15]} Rg8 {[%clk 0:01:15]} 32. Bxf6 {[%clk 0:00:17]} Qc5
{[%clk 0:01:10]} 33. Qb3 {[%clk 0:00:18]} Kf8 {[%clk 0:01:05]} 34. Ng5
{[%clk 0:00:19]} 1-0

[Event "blitmenteam"]
[Site "?"]
[Date "2016.10.07"]
[Round "9.6"]
[White "Bocharov, Dmitry"]
[Black "Romanov, Evgeny"]
[Result "0-1"]
[LiveChessVersion "1.4.4"]
[BlackElo "2518"]
[WhiteElo "2660"]

1. c4 {[%clk 0:03:00]} Nf6 {[%clk 0:03:03]} 2. g3 {[%clk 0:02:59]} e5
{[%clk 0:03:03]} 3. Bg2 {[%clk 0:02:58]} c6 {[%clk 0:03:04]} 4. d4
{[%clk 0:02:53]} exd4 {[%clk 0:03:05]} 5. Qxd4 {[%clk 0:02:54]} d5
{[%clk 0:03:06]} 6. Nf3 {[%clk 0:02:47]} Be6 {[%clk 0:03:07]} 7. O-O
{[%clk 0:02:41]} dxc4 {[%clk 0:02:55]} 8. Qxd8+ {[%clk 0:02:41]} Kxd8
{[%clk 0:02:56]} 9. Ng5 {[%clk 0:02:40]} Nbd7 {[%clk 0:02:55]} 10. Rd1
{[%clk 0:02:33]} Ke8 {[%clk 0:02:52]} 11. Nxe6 fxe6 {[%clk 0:02:53]} 12. Bg5
{[%clk 0:01:38]} Nd5 {[%clk 0:02:35]} 13. Bh3 {[%clk 0:00:54]} Be7
{[%clk 0:02:27]} 14. Bd2 {[%clk 0:00:43]} Bf6 {[%clk 0:02:21]} 15. Nc3
{[%clk 0:00:42]} Ke7 {[%clk 0:02:16]} 16. Rac1 {[%clk 0:00:37]} b5
{[%clk 0:02:04]} 17. b3 {[%clk 0:00:30]} cxb3 {[%clk 0:01:28]} 18. Nxd5+
{[%clk 0:00:24]} cxd5 {[%clk 0:01:23]} 19. axb3 {[%clk 0:00:21]} Rhc8
{[%clk 0:01:22]} 20. Bb4+ {[%clk 0:00:19]} Kf7 {[%clk 0:01:23]} 21. e4
{[%clk 0:00:18]} Nb6 {[%clk 0:01:13]} 22. Rxc8 Rxc8 {[%clk 0:01:14]} 23. exd5
{[%clk 0:00:15]} Nxd5 {[%clk 0:01:14]} 24. Bd2 {[%clk 0:00:11]} Rc2
{[%clk 0:01:09]} 25. Be1 {[%clk 0:00:09]} Bc3 {[%clk 0:00:42]} 26. Bxc3
{[%clk 0:00:09]} Rxc3 {[%clk 0:00:41]} 27. Ra1 {[%clk 0:00:10]} Rxb3
{[%clk 0:00:21]} 28. Rxa7+ {[%clk 0:00:11]} Kf6 {[%clk 0:00:23]} 29. Ra6
{[%clk 0:00:11]} Rb1+ {[%clk 0:00:21]} 30. Kg2 {[%clk 0:00:12]} Re1
{[%clk 0:00:22]} 31. Bg4 {[%clk 0:00:11]} b4 {[%clk 0:00:20]} 32. Ra7
{[%clk 0:00:11]} b3 {[%clk 0:00:19]} 33. Rb7 {[%clk 0:00:11]} Rb1
{[%clk 0:00:20]} 34. Bf3 {[%clk 0:00:09]} Nc3 {[%clk 0:00:20]} 35. Rc7
{[%clk 0:00:06]} Rc1 {[%clk 0:00:18]} 36. Rb7 {[%clk 0:00:07]} Rb1
{[%clk 0:00:18]} 37. Rc7 {[%clk 0:00:07]} Na4 {[%clk 0:00:17]} 38. Rb7
{[%clk 0:00:07]} b2 {[%clk 0:00:18]} 39. Be4 {[%clk 0:00:07]} Re1
{[%clk 0:00:18]} 40. Bxh7 {[%clk 0:00:07]} g6 {[%clk 0:00:19]} 0-1

[Event "blitmenteam"]
[Site "?"]
[Date "2016.10.07"]
[Round "9.7"]
[White "Levin, Evgeny A."]
[Black "Evdokimov, Alexander A."]
[Result "1/2-1/2"]
[LiveChessVersion "1.4.4"]
[BlackElo "2524"]
[WhiteElo "2480"]

1. d4 {[%clk 0:03:03]} Nf6 {[%clk 0:03:04]} 2. Nf3 {[%clk 0:03:04]} g6
{[%clk 0:03:05]} 3. Bg5 {[%clk 0:03:05]} Bg7 {[%clk 0:03:06]} 4. Nbd2
{[%clk 0:03:05]} O-O {[%clk 0:02:58]} 5. c3 {[%clk 0:03:05]} d6 {[%clk 0:02:44]}
6. h3 {[%clk 0:03:06]} Nc6 {[%clk 0:02:21]} 7. e4 {[%clk 0:03:03]} e5
{[%clk 0:02:20]} 8. dxe5 Nxe5 {[%clk 0:02:16]} 9. Nxe5 {[%clk 0:03:02]} dxe5
{[%clk 0:02:17]} 10. Bc4 {[%clk 0:03:01]} h6 {[%clk 0:02:11]} 11. Be3 Be6 12.
Bxe6 {[%clk 0:02:36]} fxe6 {[%clk 0:01:58]} 13. O-O Qe7 {[%clk 0:01:51]} 14. a4
{[%clk 0:02:12]} Rfd8 {[%clk 0:01:46]} 15. Qe2 {[%clk 0:01:55]} Kh7
{[%clk 0:01:43]} 16. Rfd1 {[%clk 0:01:54]} Rd7 {[%clk 0:01:26]} 17. a5
{[%clk 0:01:23]} a6 {[%clk 0:01:22]} 18. b4 {[%clk 0:01:20]} Rad8
{[%clk 0:01:22]} 19. Bc5 {[%clk 0:01:19]} Qe8 {[%clk 0:01:10]} 20. Be3
{[%clk 0:00:51]} Rd3 21. Nf3 {[%clk 0:00:09]} Rxd1+ {[%clk 0:01:06]} 22. Rxd1
{[%clk 0:00:10]} Rxd1+ 23. Qxd1 {[%clk 0:00:11]} Nxe4 {[%clk 0:01:02]} 24. Qd3
{[%clk 0:00:10]} Nd6 {[%clk 0:00:59]} 25. Nd2 {[%clk 0:00:09]} Qb5
{[%clk 0:00:51]} 26. Qc2 {[%clk 0:00:04]} Qe2 {[%clk 0:00:42]} 27. Qb1
{[%clk 0:00:05]} Nf5 {[%clk 0:00:40]} 28. Qf1 {[%clk 0:00:06]} Qxf1+
{[%clk 0:00:36]} 29. Kxf1 {[%clk 0:00:07]} Nd6 {[%clk 0:00:35]} 30. c4
{[%clk 0:00:05]} e4 {[%clk 0:00:21]} 31. Bc5 {[%clk 0:00:04]} Bc3
{[%clk 0:00:18]} 32. Nb1 {[%clk 0:00:05]} Be5 {[%clk 0:00:15]} 33. Nd2
{[%clk 0:00:06]} Bc3 {[%clk 0:00:16]} 34. Nb1 {[%clk 0:00:08]} Be5 35. Nd2 Bc3
{[%clk 0:00:15]} 36. Nb1 {[%clk 0:00:11]} Bb2 {[%clk 0:00:13]} 37. Nd2
{[%clk 0:00:12]} Bc3 {[%clk 0:00:14]} 38. Nb1 {[%clk 0:00:13]} Be5
{[%clk 0:00:13]} 39. Nd2 {[%clk 0:00:15]} Kg7 {[%clk 0:00:12]} 40. Ke2
{[%clk 0:00:11]} Bc3 {[%clk 0:00:12]} 41. Nb1 {[%clk 0:00:12]} Be5
{[%clk 0:00:13]} 42. Nd2 {[%clk 0:00:14]} Bc3 {[%clk 0:00:13]} 43. Nb1
{[%clk 0:00:15]} Be5 {[%clk 0:00:14]} 44. Nd2 {[%clk 0:00:16]} Bc3
{[%clk 0:00:14]} 45. Nb1 {[%clk 0:00:17]} Be5 {[%clk 0:00:15]} 46. Nd2
{[%clk 0:00:19]} Bc3 {[%clk 0:00:16]} 47. Nb1 {[%clk 0:00:20]} Be5 48. Nd2 Bc3
{[%clk 0:00:19]} 49. Nb1 {[%clk 0:00:23]} Be5 {[%clk 0:00:20]} 50. Nd2
{[%clk 0:00:25]} Bc3 {[%clk 0:00:21]} 51. Nb1 {[%clk 0:00:26]} 1/2-1/2

[Event "blitmenteam"]
[Site "?"]
[Date "2016.10.07"]
[Round "9.8"]
[White "Gochelashvili, David"]
[Black "Usmanov, Vasily"]
[Result "1-0"]
[LiveChessVersion "1.4.4"]
[BlackElo "2396"]
[WhiteElo "2439"]

1. d4 {[%clk 0:03:03]} Nf6 {[%clk 0:03:03]} 2. Bf4 {[%clk 0:03:04]} e6
{[%clk 0:03:04]} 3. e3 {[%clk 0:03:05]} c5 {[%clk 0:03:05]} 4. c3
{[%clk 0:03:06]} Nc6 {[%clk 0:03:06]} 5. h3 {[%clk 0:03:07]} d5 {[%clk 0:03:07]}
6. Nf3 {[%clk 0:03:07]} Be7 {[%clk 0:03:09]} 7. Nbd2 {[%clk 0:03:05]} O-O
{[%clk 0:03:09]} 8. Bd3 {[%clk 0:03:06]} Nh5 {[%clk 0:03:09]} 9. Bh2
{[%clk 0:03:06]} f5 {[%clk 0:03:10]} 10. Ne5 {[%clk 0:03:02]} Nf6
{[%clk 0:03:10]} 11. Nxc6 bxc6 {[%clk 0:03:11]} 12. Qa4 {[%clk 0:02:57]} Rb8
{[%clk 0:03:08]} 13. Bxb8 {[%clk 0:02:59]} Qb6 {[%clk 0:03:03]} 14. Qxa7
{[%clk 0:02:43]} Qxb2 {[%clk 0:03:01]} 15. Rb1 {[%clk 0:02:44]} Qxc3
{[%clk 0:03:02]} 16. Qxe7 {[%clk 0:02:16]} Qxd3 {[%clk 0:02:58]} 17. Rb3
{[%clk 0:01:47]} Qc2 {[%clk 0:02:52]} 18. Qxc5 {[%clk 0:01:40]} Qxa2
{[%clk 0:02:52]} 19. Qa3 {[%clk 0:01:36]} Qc2 {[%clk 0:02:53]} 20. Qb2
{[%clk 0:01:27]} Qxb2 {[%clk 0:02:52]} 21. Rxb2 {[%clk 0:01:28]} Ba6
{[%clk 0:02:53]} 22. Bd6 {[%clk 0:01:28]} Rc8 {[%clk 0:02:46]} 23. Rb8
{[%clk 0:01:24]} Rxb8 {[%clk 0:02:46]} 24. Bxb8 {[%clk 0:01:25]} Kf7
{[%clk 0:02:47]} 25. Be5 {[%clk 0:01:24]} Nd7 {[%clk 0:02:47]} 26. Bd6
{[%clk 0:01:20]} Nb6 {[%clk 0:02:43]} 27. Nf3 {[%clk 0:01:19]} Kf6
{[%clk 0:02:41]} 28. Ne5 {[%clk 0:01:18]} Bb5 {[%clk 0:02:42]} 29. Bc5
{[%clk 0:01:17]} Na4 {[%clk 0:02:41]} 30. Ba3 {[%clk 0:01:10]} Nc3
{[%clk 0:02:41]} 31. Nd7+ {[%clk 0:01:05]} Kf7 {[%clk 0:02:31]} 32. f3
{[%clk 0:01:04]} g5 {[%clk 0:02:31]} 33. Kd2 {[%clk 0:01:02]} Ne2
{[%clk 0:02:32]} 34. Re1 {[%clk 0:00:55]} Ng3 {[%clk 0:02:33]} 35. Bd6
{[%clk 0:00:55]} Nf1+ {[%clk 0:02:29]} 36. Kc3 {[%clk 0:00:54]} Ke8
{[%clk 0:02:26]} 37. Ne5 {[%clk 0:00:54]} Ng3 {[%clk 0:02:24]} 38. Ra1
{[%clk 0:00:54]} Ne2+ {[%clk 0:02:11]} 39. Kd2 {[%clk 0:00:53]} Ba6
{[%clk 0:01:28]} 40. Rxa6 {[%clk 0:00:51]} Kd8 {[%clk 0:01:02]} 41. Ra8#
{[%clk 0:00:47]} 1-0

[Event "blitmenteam"]
[Site "?"]
[Date "2016.10.07"]
[Round "9.9"]
[White "Artemiev, Vladislav"]
[Black "Sychev, Klementy"]
[Result "1-0"]
[LiveChessVersion "1.4.4"]
[BlackElo "2516"]
[WhiteElo "2781"]

1. d4 {[%clk 0:02:48]} Nf6 {[%clk 0:03:03]} 2. Nf3 {[%clk 0:02:45]} g6
{[%clk 0:03:04]} 3. Bg5 {[%clk 0:02:45]} Bg7 {[%clk 0:03:04]} 4. Nbd2
{[%clk 0:02:46]} c5 {[%clk 0:03:05]} 5. e3 {[%clk 0:02:42]} cxd4 {[%clk 0:02:45]}
6. exd4 {[%clk 0:02:42]} O-O {[%clk 0:02:44]} 7. c3 {[%clk 0:02:37]} d6
{[%clk 0:02:44]} 8. Bd3 {[%clk 0:02:30]} h6 {[%clk 0:02:41]} 9. Bh4
{[%clk 0:02:30]} Be6 {[%clk 0:02:31]} 10. O-O {[%clk 0:02:19]} Qb6
{[%clk 0:02:32]} 11. Qc2 {[%clk 0:02:00]} Nc6 {[%clk 0:02:32]} 12. Rae1
{[%clk 0:02:00]} Bd5 {[%clk 0:02:07]} 13. Nc4 {[%clk 0:01:23]} Qc7
{[%clk 0:01:57]} 14. Nfd2 {[%clk 0:01:24]} e5 {[%clk 0:01:35]} 15. Bxf6
{[%clk 0:01:17]} Bxc4 {[%clk 0:01:18]} 16. Bxc4 {[%clk 0:01:17]} Bxf6
{[%clk 0:01:18]} 17. Qxg6+ {[%clk 0:01:17]} Bg7 {[%clk 0:01:20]} 18. Ne4
{[%clk 0:01:14]} Kh8 {[%clk 0:01:17]} 19. Qxd6 {[%clk 0:01:14]} Qxd6
{[%clk 0:01:12]} 20. Nxd6 {[%clk 0:01:14]} exd4 {[%clk 0:01:13]} 21. Nxf7+
{[%clk 0:01:13]} Kh7 {[%clk 0:01:13]} 22. cxd4 {[%clk 0:01:10]} Bxd4
{[%clk 0:01:00]} 23. Bd3+ {[%clk 0:01:10]} Kg7 {[%clk 0:00:55]} 24. Nd6
{[%clk 0:01:10]} Rad8 {[%clk 0:00:29]} 25. Nf5+ {[%clk 0:01:03]} Kf6
{[%clk 0:00:28]} 26. Nxd4 {[%clk 0:00:49]} Nxd4 {[%clk 0:00:26]} 27. Re3
{[%clk 0:00:42]} Rd6 {[%clk 0:00:26]} 28. g3 {[%clk 0:00:38]} Rfd8
{[%clk 0:00:25]} 29. Kg2 {[%clk 0:00:33]} Ne6 {[%clk 0:00:21]} 30. Bc4
{[%clk 0:00:32]} Nc5 {[%clk 0:00:21]} 31. Rfe1 {[%clk 0:00:31]} Rd4
{[%clk 0:00:11]} 32. Rf3+ {[%clk 0:00:31]} Kg7 {[%clk 0:00:09]} 33. Re7+
{[%clk 0:00:32]} Kh8 {[%clk 0:00:10]} 34. b3 {[%clk 0:00:28]} a6 {[%clk 0:00:11]}
35. Rff7 {[%clk 0:00:28]} Rf8 {[%clk 0:03:02]} 1-0